Interiér kaviarne v Centre propagácie vedy, Belehrad

Saved in:
Bibliographic Details
Main Author: Geletová, Martina, 1985- (Author)
Other Authors: Morávková, Katarína, 1965- (Thesis advisor)
Format: Manuscript Book
Language:Slovak
Published: Bratislava : STU v Bratislave FA, 2011
Subjects:
Online Access:VAIS
Tags: Add Tag
No Tags, Be the first to tag this record!

MARC

LEADER 00000ntm a22000003a 4500
001 stu228298
005 20210616101832.3
008 110628s2011----xo------------------slo-d
040 |a STU  |b slo 
041 0 |a slo 
044 |a xo 
100 1 |a Geletová, Martina,  |d 1985-  |4 aut  |u A  |T FAD Fakulta architektúry  |X 28157  |U A  |Y 50  |7 A000028157 
242 0 0 |a Interior of cafe bar in The Centre For Promotion, Belgrade, Serbia  |y eng 
245 1 |a Interiér kaviarne v Centre propagácie vedy, Belehrad 
260 |a Bratislava :  |b STU v Bratislave FA,  |c 2011 
650 7 |a architektúra  |2 stusub 
650 7 |a architecture  |2 estusub 
650 7 |a interior  |2 estusub 
650 7 |a interiér  |2 stusub 
650 7 |a kaviareň  |2 stusub 
700 1 |a Morávková, Katarína,  |d 1965-  |4 ths  |u A5150  |U FAD Fakulta architektúry  |U FAD Fakulta architektúry  |T FA Ústav interiéru a výstavníctva  |X 422  |U A5150  |Y 396  |7 A000000422 
856 4 |a info a plný text  |u http://is.stuba.sk/zp/portal_zp.pl?podrobnosti=72655  |u https://opac.crzp.sk/?fn=detailBiblioForm&sid=B13AEFF39C4E73C41D8DF4817B0B  |3 VAIS